[Event "Printanier op U1600 Online"]
[Site "Montreal CAN"]
[Date "2021.04.17"]
[Round "2"]
[White "Cormier, Benoit"]
[Black "Deshpande, Sarthak"]
[Result "0-1"]
[WhiteElo "1283"]
[BlackElo "1004"]
[PlyCount "74"]
[EventDate "2021.04.16"]
[EventType "swiss"]
[EventRounds "5"]
[EventCountry "CAN"]

1. e4 c5 2. Nf3 d6 3. d4 cxd4 4. Nxd4 Nf6 5. Nc3 g6 6. Bc4 Bg7 7. h3 O-O 8. Be3
Nc6 9. Bb3 Bd7 10. Qd2 Rc8 11. f3 Na5 12. Bh6 Nc4 13. Bxc4 Rxc4 14. Bxg7 Kxg7
15. b3 Rc8 16. O-O Qb6 17. Kh1 Qb4 18. Nb1 Qxd2 19. Nxd2 e5 20. Ne2 Rxc2 21.
Rfd1 b5 22. Rac1 Rfc8 23. Rxc2 Rxc2 24. Ng3 Rxa2 25. Ndf1 Ra6 26. Ne3 Be6 27.
Nd5 Bxd5 28. exd5 Ra3 29. b4 Rb3 30. Ne4 Nxe4 31. fxe4 Rxb4 32. Re1 a5 33. g4
a4 34. Kg2 a3 35. Kg3 Rb3+ 36. Kf2 b4 37. h4 a2 0-1

[Event "Printanier op U1600 Online"]
[Site "Montreal CAN"]
[Date "2021.04.17"]
[Round "2"]
[White "Cowan, Ryan"]
[Black "Gougeon, Patrick"]
[Result "1-0"]
[WhiteElo "1508"]
[BlackElo "1269"]
[PlyCount "147"]
[EventDate "2021.04.16"]
[EventType "swiss"]
[EventRounds "5"]
[EventCountry "CAN"]

1. e4 d5 2. exd5 Qxd5 3. Nc3 Qd6 4. Nf3 Nf6 5. d3 c6 6. Be2 e5 7. O-O Be7 8.
Bg5 Nbd7 9. Qd2 h6 10. Be3 Ng4 11. h3 Nxe3 12. fxe3 Nf6 13. Nh4 g6 14. Nf3 Bf5
15. d4 Nd7 16. Bc4 e4 17. Nh2 Nf6 18. Rf4 h5 19. Nf1 h4 20. Qf2 Nd7 21. Nxe4
Qc7 22. Nc3 Bd6 23. Rxh4 Rxh4 24. Qxh4 b5 25. Bb3 a5 26. a4 Be7 27. Qf2 b4 28.
Ne2 Nf6 29. Nfg3 Bd7 30. e4 Be6 31. Bxe6 fxe6 32. e5 Nd5 33. Nf4 g5 34. Nxd5
cxd5 35. Rf1 Kd7 36. Qd2 Rh8 37. b3 Rh4 38. Ne2 Qd8 39. Qd3 Qb6 40. Qb5+ Qxb5
41. axb5 Rh7 42. Ra1 Bd8 43. c3 Bb6 44. cxb4 axb4 45. Ra4 Rh4 46. Rxb4 Re4 47.
Kf1 g4 48. hxg4 Rxg4 49. g3 Rg8 50. Kf2 Rc8 51. Ke3 Rf8 52. Ra4 Kc7 53. Ra1 Rf5
54. Kd2 Rf3 55. Rc1+ Kb7 56. Rb1 Bd8 57. b4 Kb6 58. Nc3 Rxg3 59. Ra1 Kb7 60.
Ra6 Rg6 61. Na4 Rg2+ 62. Ke3 Rb2 63. Nc5+ Kb8 64. Nxe6 Rb3+ 65. Kd2 Be7 66. Nc5
Rxb4 67. Rb6+ Ka7 68. Rb7+ Ka8 69. Rxe7 Rxb5 70. Kc3 Ra5 71. Kb4 Ra1 72. Rd7
Rb1+ 73. Kc3 Rc1+ 74. Kd2 1-0

[Event "Printanier op U1600 Online"]
[Site "Montreal CAN"]
[Date "2021.04.17"]
[Round "2"]
[White "Dugas, Hugues"]
[Black "Le, Brandon"]
[Result "0-1"]
[WhiteElo "1447"]
[BlackElo "1192"]
[PlyCount "74"]
[EventDate "2021.04.16"]
[EventType "swiss"]
[EventRounds "5"]
[EventCountry "CAN"]

1. g3 c6 2. Bg2 d5 3. Nf3 Nf6 4. O-O Bg4 5. d4 e6 6. Ne5 Nbd7 7. Nxg4 Nxg4 8.
h3 Ngf6 9. c3 g6 10. Bg5 Bg7 11. Qd2 O-O 12. Bh6 Qb6 13. Bxg7 Kxg7 14. Na3 c5
15. b4 cxd4 16. cxd4 Qa6 17. Nc2 Rac8 18. a4 Qc6 19. Rfc1 e5 20. dxe5 Nxe5 21.
Nd4 Qd7 22. Nb5 a6 23. Nc3 Rfd8 24. Qg5 Nc6 25. b5 Nd4 26. Rab1 axb5 27. axb5
Rxc3 28. Rxc3 Nxe2+ 29. Kh2 Nxc3 30. Rb3 d4 31. Bf1 Nce4 32. Qf4 Qd6 33. Rf3
Qxf4 34. Rxf4 d3 35. Bg2 d2 36. Bxe4 Nxe4 37. Rxe4 d1=Q 0-1

[Event "Printanier op U1600 Online"]
[Site "Montreal CAN"]
[Date "2021.04.17"]
[Round "2"]
[White "Hou, Yuanen"]
[Black "Turgeon-Dalpe, Alexandre"]
[Result "1-0"]
[WhiteElo "1103"]
[BlackElo "1261"]
[PlyCount "109"]
[EventDate "2021.04.16"]
[EventType "swiss"]
[EventRounds "5"]
[EventCountry "CAN"]

1. e4 e5 2. Nf3 Nc6 3. Nc3 Nf6 4. Bb5 a6 5. Bxc6 dxc6 6. Nxe5 Bc5 7. O-O O-O 8.
Nf3 Bg4 9. d3 b5 10. Be3 Bd6 11. h3 Bxf3 12. Qxf3 Be5 13. Bg5 h6 14. Bxf6 Bxf6
15. Qe3 Bd4 16. Qd2 Qh4 17. Rab1 Rae8 18. Ne2 Bb6 19. Qf4 Qh5 20. Ng3 Qc5 21.
c3 Kh7 22. Qf5+ g6 23. Qxc5 Bxc5 24. Rbd1 f5 25. exf5 gxf5 26. Rfe1 Rd8 27. Re5
Rd5 28. Rde1 Bd6 29. Rxd5 cxd5 30. Re6 f4 31. Nh5 Rf5 32. Nf6+ Kg6 33. Ne8+ Kf7
34. Nxd6+ Kxe6 35. Nxf5 Kxf5 36. f3 c5 37. Kf2 Ke5 38. g3 d4 39. gxf4+ Kxf4 40.
a3 h5 41. cxd4 cxd4 42. h4 Ke5 43. Kg3 Kf5 44. b4 Ke5 45. f4+ Kf5 46. Kf3 Ke6
47. Ke4 Kf6 48. Kxd4 Kf5 49. Kc5 Kxf4 50. d4 Ke4 51. d5 Ke5 52. Kc6 Kf6 53. d6
Ke6 54. Kc7 Kd5 55. d7 1-0

[Event "Printanier op U1600 Online"]
[Site "Montreal CAN"]
[Date "2021.04.17"]
[Round "2"]
[White "Li, Jack"]
[Black "Alikaj, Noel"]
[Result "0-1"]
[WhiteElo "1348"]
[BlackElo "1206"]
[PlyCount "102"]
[EventDate "2021.04.16"]
[EventType "swiss"]
[EventRounds "5"]
[EventCountry "CAN"]

1. e4 d6 2. d4 Nd7 3. Nf3 g6 4. Nc3 Bg7 5. Be3 e5 6. d5 Ngf6 7. Qd2 h6 8. h3
Nb6 9. Bd3 Bd7 10. Nh4 Nxe4 11. Bxe4 Qxh4 12. O-O-O Nc4 13. Qe2 Nxe3 14. fxe3
a6 15. Rhf1 b5 16. a3 f5 17. Bd3 e4 18. Rf4 Qg5 19. h4 exd3 20. Rxd3 Qe7 21. e4
Bxc3 22. Rxc3 g5 23. Rf1 Kd8 24. Re3 f4 25. Rb3 Rf8 26. Qh5 gxh4 27. Qxh6 Qf6
28. Qh5 Rh8 29. Qe2 Qg5 30. Rbf3 Bg4 31. Qd2 Bxf3 32. Rxf3 Rf8 33. Kb1 Kd7 34.
Qc3 Ra7 35. Qd4 Qxg2 36. Rd3 Rb7 37. Qc3 Rb6 38. e5 f3 39. Qd4 Rb7 40. Qc3 f2
41. Qc6+ Kc8 42. e6 f1=Q+ 43. Ka2 Qfe2 44. Qd7+ Kb8 45. e7 Rg8 46. Qc6 Qxe7 47.
Qxa6 Qxc2 48. Rb3 Qxb3+ 49. Kxb3 Rg3+ 50. Ka2 Qe5 51. Qc6 Rg2 0-1

[Event "Printanier op U1600 Online"]
[Site "Montreal CAN"]
[Date "2021.04.17"]
[Round "2"]
[White "Mehri, Shikib"]
[Black "Jackson, Mateo"]
[Result "0-1"]
[WhiteElo "1302"]
[BlackElo "1169"]
[PlyCount "86"]
[EventDate "2021.04.16"]
[EventType "swiss"]
[EventRounds "5"]
[EventCountry "CAN"]

1. e4 c5 2. Nf3 Nc6 3. d4 cxd4 4. Nxd4 g6 5. Nc3 Bg7 6. Be3 Nf6 7. h3 O-O 8.
Qd2 d5 9. exd5 Nxd5 10. Nxc6 bxc6 11. O-O-O Be6 12. Nxd5 Bxd5 13. Kb1 Rb8 14.
Bd4 e5 15. Bxa7 Ra8 16. Bc5 Re8 17. a3 Qc7 18. Qc3 Red8 19. Bc4 Bxg2 20. Rh2
Rxd1+ 21. Ka2 e4 22. Qe3 Qxh2 23. Qb3 Qf4 24. Be3 Qf6 25. c3 Rdd8 26. Bd4 Qe7
27. Bb6 Rdb8 28. a4 Qb7 29. Be3 Qxb3+ 30. Bxb3 Bxh3 31. Ka3 Be6 32. Bc2 Rb7 33.
Bxe4 Rb3+ 34. Ka2 Rxa4+ 35. Kb1 Rxe4 36. Kc2 Rb5 37. b4 Bf5 38. Kb3 h5 39. c4
Rb7 40. Ka4 h4 41. Ka5 Rxc4 42. Bc5 Rc2 43. f3 Ra2# 0-1

[Event "Printanier op U1600 Online"]
[Site "Montreal CAN"]
[Date "2021.04.17"]
[Round "2"]
[White "Mourad, Michel"]
[Black "Masters, Tristan"]
[Result "1-0"]
[WhiteElo "1216"]
[BlackElo "1353"]
[PlyCount "117"]
[EventDate "2021.04.16"]
[EventType "swiss"]
[EventRounds "5"]
[EventCountry "CAN"]

1. d4 Nf6 2. c4 g6 3. Nc3 d5 4. Bg5 Bg7 5. Bxf6 Bxf6 6. Nxd5 Bg7 7. e3 c5 8.
Nf3 Nc6 9. Bd3 cxd4 10. Nxd4 Nxd4 11. exd4 Bxd4 12. Qd2 e6 13. Nc3 O-O 14. O-O
Bg7 15. Rad1 Qe7 16. b3 Bd7 17. Be4 Rab8 18. Qxd7 Qxd7 19. Rxd7 Bxc3 20. Rfd1
b5 21. c5 a5 22. c6 Rbc8 23. f4 f5 24. Bf3 Rf7 25. c7 Bf6 26. Rd8+ Rf8 27. Rxc8
Rxc8 28. Rd7 h5 29. Bb7 Re8 30. c8=Q Rxc8 31. Bxc8 e5 32. fxe5 Bxe5 33. Rd5 Bc3
34. Rxb5 Bb4 35. Rxb4 axb4 36. Be6+ Kg7 37. Kf2 Kf6 38. Bd5 Ke5 39. Bf7 g5 40.
Bxh5 f4 41. g3 fxg3+ 42. Kxg3 Kd4 43. Kf3 Kc3 44. Ke3 Kb2 45. Kd4 Kxa2 46. Kc4
Ka3 47. Bg6 g4 48. Bf5 g3 49. hxg3 Kb2 50. Kxb4 Ka2 51. Kc3 Ka3 52. Bd7 Ka2 53.
b4 Ka3 54. Bc6 Ka2 55. b5 Ka3 56. b6 Ka2 57. b7 Ka3 58. b8=Q Ka2 59. Qb2# 1-0

[Event "Printanier op U1600 Online"]
[Site "Montreal CAN"]
[Date "2021.04.17"]
[Round "2"]
[White "Zhu, Isabelle"]
[Black "Vyshnya, Olexandr"]
[Result "0-1"]
[WhiteElo "1194"]
[BlackElo "1319"]
[PlyCount "52"]
[EventDate "2021.04.16"]
[EventType "swiss"]
[EventRounds "5"]
[EventCountry "CAN"]

1. d4 Nf6 2. Bf4 g6 3. Nf3 Bg7 4. e3 O-O 5. Nbd2 d6 6. c4 Nfd7 7. Be2 Nc6 8.
O-O e5 9. dxe5 Ndxe5 10. Nxe5 Nxe5 11. Rc1 Bf5 12. e4 Be6 13. b3 f5 14. exf5
Bxf5 15. Nf3 Be4 16. Bxe5 dxe5 17. Nd2 Bf5 18. Bf3 c6 19. Re1 Qa5 20. a4 Rad8
21. Re2 Bh6 22. Be4 Rxd2 23. Qe1 Rxe2 24. Qxa5 Bxc1 25. f3 Bxe4 26. fxe4 Be3+
0-1

[Event "Printanier op U1600 Online"]
[Site "Montreal CAN"]
[Date "2021.04.17"]
[Round "3"]
[White "Alikaj, Noel"]
[Black "Cowan, Ryan"]
[Result "0-1"]
[WhiteElo "1206"]
[BlackElo "1508"]
[PlyCount "84"]
[EventDate "2021.04.16"]
[EventType "swiss"]
[EventRounds "5"]
[EventCountry "CAN"]

1. g3 e5 2. Bg2 d5 3. d3 Nf6 4. Nf3 Bd6 5. b3 c5 6. Bb2 Nc6 7. Nbd2 Be6 8. e4
d4 9. Nc4 h6 10. Qd2 b5 11. Nxd6+ Qxd6 12. c3 O-O 13. O-O dxc3 14. Qxc3 b4 15.
Qc2 Nd4 16. Bxd4 cxd4 17. Rac1 Rac8 18. Qd2 Rc3 19. Rfd1 Bd7 20. Qe2 Bb5 21.
Nh4 Bd7 22. Qf3 Bg4 23. Nf5 Qe6 24. Nxd4 exd4 25. Qf4 Bxd1 26. Rxd1 Qg4 27. Qd2
Rfc8 28. h3 Qd7 29. g4 Qc7 30. Bf1 a5 31. g5 Rc2 32. Qe1 hxg5 33. e5 Re8 34.
Rd2 Rxd2 35. Qxd2 Qxe5 36. Qc1 g4 37. Qc6 g3 38. Qg2 gxf2+ 39. Qxf2 Qe3 40.
Qxe3 Rxe3 41. Kf2 Nd5 42. h4 Nf4 0-1

[Event "Printanier op U1600 Online"]
[Site "Montreal CAN"]
[Date "2021.04.17"]
[Round "3"]
[White "Deshpande, Sarthak"]
[Black "Mourad, Michel"]
[Result "1-0"]
[WhiteElo "1004"]
[BlackElo "1216"]
[PlyCount "159"]
[EventDate "2021.04.16"]
[EventType "swiss"]
[EventRounds "5"]
[EventCountry "CAN"]

1. e4 e5 2. Nf3 Nf6 3. Nxe5 d6 4. Nf3 Nxe4 5. d4 d5 6. Bd3 Bb4+ 7. c3 Ba5 8.
O-O O-O 9. a4 c6 10. Bf4 Bg4 11. Re1 Re8 12. b4 Bc7 13. Bxc7 Qxc7 14. Nbd2 f5
15. Qc2 Nd7 16. h3 Bh5 17. c4 Qb6 18. c5 Qc7 19. b5 a5 20. Qb3 Nxd2 21. Nxd2
Qf4 22. Qc2 g6 23. Nb3 Nf6 24. Qd2 Qxd2 25. Nxd2 Ne4 26. Nxe4 dxe4 27. Be2 Bxe2
28. Rxe2 cxb5 29. axb5 Red8 30. Rd2 Rd5 31. Ra4 b6 32. Rc2 Rc8 33. Rac4 a4 34.
Rxa4 bxc5 35. Rac4 Rb8 36. dxc5 Rxb5 37. c6 Rb8 38. c7 Rc8 39. Rb4 Re5 40. Rb7
Re7 41. Rb8 Ree8 42. Rcb2 Kf7 43. R2b7 Ke6 44. Kh2 Kd7 45. Kg3 Re7 46. Kf4 Rxc7
47. g4 Rf7 48. Ke3 Rxb7 49. Rxb7+ Ke6 50. Rb6+ Ke7 51. gxf5 gxf5 52. Kf4 Kd7
53. Rb7+ Ke6 54. Rxf7 Kxf7 55. Kxf5 Ke7 56. Kxe4 Ke6 57. f4 Kf6 58. f5 h6 59.
h4 h5 60. Kf4 Kf7 61. Kg5 Kg7 62. Kxh5 Kf6 63. Kg4 Kg7 64. Kg5 Kf7 65. h5 Kg7
66. f6+ Kh7 67. h6 Kg8 68. Kg6 Kh8 69. Kf7 Kh7 70. Ke7 Kg6 71. f7 Kh7 72. f8=Q
Kg6 73. Qg7+ Kf5 74. h7 Ke4 75. h8=Q Kd5 76. Qh5+ Kc6 77. Qc3+ Kb6 78. Qhc5+
Ka6 79. Q3a3+ Kb7 80. Qaa7# 1-0

[Event "Printanier op U1600 Online"]
[Site "Montreal CAN"]
[Date "2021.04.17"]
[Round "3"]
[White "Gougeon, Patrick"]
[Black "Mehri, Shikib"]
[Result "0-1"]
[WhiteElo "1269"]
[BlackElo "1302"]
[PlyCount "126"]
[EventDate "2021.04.16"]
[EventType "swiss"]
[EventRounds "5"]
[EventCountry "CAN"]

1. f4 d5 2. Nf3 g6 3. g3 Bg7 4. Bg2 Nf6 5. O-O O-O 6. d3 c5 7. c3 Nc6 8. Na3 b6
9. Qe1 Be6 10. e4 dxe4 11. dxe4 Qc8 12. e5 Ne8 13. Ng5 Bf5 14. Rf2 h6 15. Ne4
f6 16. exf6 Nxf6 17. Nxf6+ Bxf6 18. Nc4 Rb8 19. Bd5+ Kh7 20. Ne5 Nxe5 21. fxe5
Bg7 22. e6 Qd8 23. Bb3 b5 24. c4 b4 25. Bf4 Rb6 26. Re2 Qc8 27. Qd2 Rxe6 28.
Rae1 Rxe2 29. Qxe2 Rf7 30. Be5 Bg4 31. Qe4 Bf5 32. Qe3 Qc6 33. Bxg7 Kxg7 34.
Qe5+ Kh7 35. Re2 Qf3 36. Rf2 Qc6 37. g4 Qe6 38. Qxc5 Bxg4 39. Rxf7+ Qxf7 40.
Qf2 Qe6 41. c5 Qf5 42. Qxf5 Bxf5 43. Bd5 Bc8 44. Kf2 Kg7 45. Ke3 Kf6 46. Kf4 e6
47. Bf3 g5+ 48. Kg4 Ke5 49. Kh5 Kf4 50. Bg2 e5 51. Kxh6 e4 52. Bxe4 Kxe4 53.
Kxg5 Kd5 54. h4 Kxc5 55. h5 Ba6 56. Kf4 Kd4 57. b3 Bd3 58. Kf3 Kc3 59. Ke3 Bh7
60. Ke2 Kb2 61. Kd2 Kxa2 62. Kc1 Kxb3 63. h6 a5 0-1

[Event "Printanier op U1600 Online"]
[Site "Montreal CAN"]
[Date "2021.04.17"]
[Round "3"]
[White "Jackson, Mateo"]
[Black "Li, Jack"]
[Result "1/2-1/2"]
[WhiteElo "1169"]
[BlackElo "1348"]
[PlyCount "37"]
[EventDate "2021.04.16"]
[EventType "swiss"]
[EventRounds "5"]
[EventCountry "CAN"]

1. e4 c6 2. d4 d5 3. exd5 cxd5 4. Bd3 Nc6 5. c3 Nf6 6. Bf4 g6 7. Nd2 Bg7 8.
Ngf3 O-O 9. Qc2 a6 10. O-O Bg4 11. h3 Bxf3 12. Nxf3 Rc8 13. Qb3 b5 14. a4 Nh5
15. Bh2 Na5 16. Qb4 Nc6 17. Qb3 Na5 18. Qb4 Nc6 19. Qb3 1/2-1/2

[Event "Printanier op U1600 Online"]
[Site "Montreal CAN"]
[Date "2021.04.17"]
[Round "3"]
[White "Le, Brandon"]
[Black "Cormier, Benoit"]
[Result "0-1"]
[WhiteElo "1192"]
[BlackElo "1283"]
[PlyCount "60"]
[EventDate "2021.04.16"]
[EventType "swiss"]
[EventRounds "5"]
[EventCountry "CAN"]

1. Nf3 Nf6 2. g3 g6 3. Bg2 Bg7 4. O-O O-O 5. d3 d6 6. Nc3 Nbd7 7. b3 e5 8. Bb2
Re8 9. e4 c6 10. Nh4 Nf8 11. f4 Qb6+ 12. Kh1 Ng4 13. Qe2 Ne3 14. Rfe1 Nxg2 15.
Nxg2 exf4 16. Nxf4 Ne6 17. Nxe6 Bxe6 18. Na4 Qc7 19. Bxg7 Kxg7 20. Rf1 Qa5 21.
Rae1 b5 22. Nb2 Qxa2 23. Nd1 Qa5 24. Ne3 Qc7 25. Qf3 Qd7 26. Rf2 d5 27. exd5
Bxd5 28. Nxd5 Qxd5 29. Qxd5 Rxe1+ 30. Kg2 cxd5 0-1

[Event "Printanier op U1600 Online"]
[Site "Montreal CAN"]
[Date "2021.04.17"]
[Round "3"]
[White "Masters, Tristan"]
[Black "Xu, David"]
[Result "1-0"]
[WhiteElo "1353"]
[BlackElo "1078"]
[PlyCount "43"]
[EventDate "2021.04.16"]
[EventType "swiss"]
[EventRounds "5"]
[EventCountry "CAN"]

1. d4 Nf6 2. c4 e5 3. dxe5 Ne4 4. Qc2 Ng5 5. Bxg5 Qxg5 6. Nf3 Qh6 7. e3 Nc6 8.
Nc3 Nb4 9. Qd2 d6 10. Nd5 Nxd5 11. cxd5 dxe5 12. Nxe5 Bf5 13. Bb5+ Kd8 14.
Nxf7+ Ke7 15. Nxh6 gxh6 16. Qd4 Rg8 17. Qe5+ Kf7 18. Qxf5+ Kg7 19. Rc1 Bb4+ 20.
Ke2 Raf8 21. Rxc7+ Kh8 22. Qxh7# 1-0

[Event "Printanier op U1600 Online"]
[Site "Montreal CAN"]
[Date "2021.04.17"]
[Round "3"]
[White "Stewart, Taki"]
[Black "Hou, Yuanen"]
[Result "1-0"]
[WhiteElo "1470"]
[BlackElo "1103"]
[PlyCount "39"]
[EventDate "2021.04.16"]
[EventType "swiss"]
[EventRounds "5"]
[EventCountry "CAN"]

1. d4 d5 2. Bf4 Bf5 3. e3 e6 4. Nf3 Nf6 5. c3 c6 6. Nbd2 Bd6 7. Bg3 Ne4 8. Nxe4
Bxe4 9. Bd3 Bg6 10. Ne5 Rg8 11. Nxg6 hxg6 12. Qe2 Rh8 13. O-O-O Qc7 14. Qg4 Nd7
15. Bxg6 Bxg3 16. hxg3 Rxh1 17. Rxh1 fxg6 18. Qxe6+ Kd8 19. Rh8+ Nf8 20. Rxf8#
1-0

[Event "Printanier op U1600 Online"]
[Site "Montreal CAN"]
[Date "2021.04.17"]
[Round "3"]
[White "Turgeon-Dalpe, Alexandre"]
[Black "Dugas, Hugues"]
[Result "1-0"]
[WhiteElo "1261"]
[BlackElo "1447"]
[PlyCount "71"]
[EventDate "2021.04.16"]
[EventType "swiss"]
[EventRounds "5"]
[EventCountry "CAN"]

1. e4 g6 2. d4 d6 3. Nf3 Bg7 4. h4 Bg4 5. c3 Nf6 6. Bd3 Nc6 7. O-O O-O 8. Nbd2
e5 9. Qb3 Na5 10. Qc2 Nh5 11. b4 Nc6 12. d5 Ne7 13. Nh2 Bd7 14. Ndf3 f5 15. Bg5
f4 16. Rfe1 h6 17. Bxe7 Qxe7 18. c4 Nf6 19. g3 fxg3 20. fxg3 Ng4 21. c5 Nxh2
22. Nxh2 Bh3 23. Bf1 Qd7 24. Bxh3 Qxh3 25. Qd3 Rf7 26. Rf1 Raf8 27. Rxf7 Rxf7
28. Rf1 Rxf1+ 29. Nxf1 dxc5 30. bxc5 Qd7 31. Kg2 Bf8 32. Qc4 Kg7 33. Nd2 Be7
34. d6 cxd6 35. Qd5 dxc5 36. Qxd7 1-0

[Event "Printanier op U1600 Online"]
[Site "Montreal CAN"]
[Date "2021.04.17"]
[Round "3"]
[White "Vyshnya, Olexandr"]
[Black "Joseph, Jonath"]
[Result "0-1"]
[WhiteElo "1319"]
[BlackElo "1016"]
[PlyCount "62"]
[EventDate "2021.04.16"]
[EventType "swiss"]
[EventRounds "5"]
[EventCountry "CAN"]

1. c4 e5 2. Nc3 Nf6 3. g3 c6 4. Bg2 d5 5. cxd5 cxd5 6. e3 e4 7. d4 exd3 8. Qxd3
Be6 9. Qb5+ Qd7 10. Qxd7+ Nbxd7 11. Nge2 Bb4 12. O-O Bxc3 13. Nxc3 O-O 14. b3
Rac8 15. Bb2 Nc5 16. Rfd1 Rfd8 17. Nb5 a6 18. Bxf6 gxf6 19. Nc3 Nxb3 20. axb3
Rxc3 21. Bxd5 Rxd5 22. Rdb1 Rdd3 23. b4 Rb3 24. Rc1 Rxb4 25. Rc7 Rd2 26. Rc5
Rbb2 27. Rf1 Bh3 28. Rh5 Bxf1 29. Kxf1 Rxf2+ 30. Kg1 Rfc2 31. Rf5 Rb1+ 0-1

[Event "Printanier op U1600 Online"]
[Site "Montreal CAN"]
[Date "2021.04.18"]
[Round "4"]
[White "Cormier, Benoit"]
[Black "Stewart, Taki"]
[Result "0-1"]
[WhiteElo "1283"]
[BlackElo "1470"]
[PlyCount "72"]
[EventDate "2021.04.16"]
[EventType "swiss"]
[EventRounds "5"]
[EventCountry "CAN"]

1. e4 c6 2. Nf3 d5 3. Nc3 Bg4 4. h3 Bxf3 5. Qxf3 e6 6. d4 g6 7. Bd3 Bg7 8. e5
Ne7 9. Bg5 O-O 10. O-O Qc7 11. Ne2 c5 12. c3 cxd4 13. cxd4 Nbc6 14. Rac1 Rac8
15. Bb5 a6 16. Ba4 b5 17. Bb3 h6 18. Bh4 Nf5 19. Bf6 Qa7 20. Rfd1 Ncxd4 21.
Nxd4 Rxc1 22. Nxf5 Rxd1+ 23. Qxd1 Bxf6 24. Nxh6+ Kg7 25. exf6+ Kxh6 26. Qd2+
Kh7 27. Qg5 Rh8 28. Bc2 Qc5 29. Bxg6+ fxg6 30. f7 Kg7 31. Qe5+ Kh7 32. Qf6 Rf8
33. Qxe6 Qc1+ 34. Kh2 Qf4+ 35. Kg1 Qxf7 36. Qxf7+ Rxf7 0-1

[Event "Printanier op U1600 Online"]
[Site "Montreal CAN"]
[Date "2021.04.18"]
[Round "4"]
[White "Cowan, Ryan"]
[Black "Deshpande, Sarthak"]
[Result "0-1"]
[WhiteElo "1508"]
[BlackElo "1004"]
[PlyCount "146"]
[EventDate "2021.04.16"]
[EventType "swiss"]
[EventRounds "5"]
[EventCountry "CAN"]

1. e4 c5 2. Nf3 d6 3. d4 cxd4 4. Nxd4 Nf6 5. Nc3 a6 6. a4 e5 7. Nf3 Be7 8. Bc4
O-O 9. Be3 Nc6 10. Qd2 Be6 11. Bd5 Bxd5 12. exd5 Nb4 13. Bg5 a5 14. Bxf6 Bxf6
15. Ne4 Rc8 16. c3 Na6 17. O-O Nc5 18. Nxc5 Rxc5 19. Rfd1 e4 20. Ne1 Bg5 21.
Qe2 Re8 22. Nc2 Qe7 23. Ne3 Bxe3 24. Qxe3 Qe5 25. Qd4 Qxd4 26. Rxd4 Re5 27. c4
f5 28. Re1 Rc8 29. g3 Rce8 30. Re3 g5 31. f3 exf3 32. Rxf3 Re1+ 33. Kg2 R8e2+
34. Rf2 b6 35. Rd2 Rxd2 36. Rxd2 Re4 37. Rc2 Kf7 38. Kf3 g4+ 39. Kf2 Kf6 40. b3
Ke5 41. Rd2 Rd4 42. Re2+ Re4 43. Rd2 h5 44. Rd3 f4 45. gxf4+ Rxf4+ 46. Ke2 Rd4
47. Re3+ Re4 48. Kf2 Rxe3 49. Kxe3 h4 50. Ke2 Kd4 51. Kf2 Kc3 52. Ke3 Kxb3 53.
Kf4 g3 54. hxg3 hxg3 55. Kxg3 Kxc4 56. Kf3 Kxd5 57. Ke3 Kc4 58. Ke4 d5+ 59. Ke3
Kc3 60. Ke2 d4 61. Kd1 Kd3 62. Kc1 Ke2 63. Kc2 d3+ 64. Kb3 d2 65. Kc4 d1=Q 66.
Kb5 Qb3+ 67. Ka6 Qxa4 68. Kxb6 Qb4+ 69. Ka6 Kd3 70. Ka7 Kd4 71. Ka6 Kc5 72. Ka7
Kc6 73. Ka8 Qb7# 0-1

[Event "Printanier op U1600 Online"]
[Site "Montreal CAN"]
[Date "2021.04.18"]
[Round "4"]
[White "Le, Brandon"]
[Black "Gougeon, Patrick"]
[Result "0-1"]
[WhiteElo "1192"]
[BlackElo "1269"]
[PlyCount "34"]
[EventDate "2021.04.16"]
[EventType "swiss"]
[EventRounds "5"]
[EventCountry "CAN"]

1. Nf3 f5 2. g3 g6 3. Bg2 Bg7 4. O-O Nf6 5. Nc3 d6 6. b3 e5 7. Bb2 O-O 8. d3 c6
9. e4 Na6 10. Nh4 f4 11. gxf4 Nh5 12. Nf3 Nxf4 13. h4 Bg4 14. Bc1 Nxg2 15. Kxg2
Bxf3+ 16. Qxf3 Rxf3 17. Kxf3 Qxh4 0-1

[Event "Printanier op U1600 Online"]
[Site "Montreal CAN"]
[Date "2021.04.18"]
[Round "4"]
[White "Li, Jack"]
[Black "Vyshnya, Olexandr"]
[Result "1-0"]
[WhiteElo "1348"]
[BlackElo "1319"]
[PlyCount "65"]
[EventDate "2021.04.16"]
[EventType "swiss"]
[EventRounds "5"]
[EventCountry "CAN"]

1. e4 c6 2. d4 g6 3. Nc3 d6 4. Be3 h5 5. Bc4 e6 6. Qd2 d5 7. exd5 cxd5 8. Bd3
Bg7 9. Nf3 Nh6 10. Ne5 a6 11. O-O-O Nf5 12. Bxf5 exf5 13. Rhe1 O-O 14. Bh6 Nc6
15. Bxg7 Kxg7 16. Ne2 Qa5 17. a3 Qxd2+ 18. Rxd2 Be6 19. Nf4 Rfe8 20. c3 Kf6 21.
Rde2 Nd8 22. Nxd5+ Bxd5 23. Nd7+ Kg7 24. Rxe8 Bxg2 25. Nb6 Rb8 26. d5 Be4 27.
Re3 Nc6 28. Rxb8 Nxb8 29. f3 Nd7 30. Nxd7 Bxd5 31. f4 f6 32. Re7+ Kh6 33. Nxf6
1-0

[Event "Printanier op U1600 Online"]
[Site "Montreal CAN"]
[Date "2021.04.18"]
[Round "4"]
[White "Mehri, Shikib"]
[Black "Alikaj, Noel"]
[Result "0-1"]
[WhiteElo "1302"]
[BlackElo "1206"]
[PlyCount "60"]
[EventDate "2021.04.16"]
[EventType "swiss"]
[EventRounds "5"]
[EventCountry "CAN"]

1. e4 c5 2. Nf3 Nc6 3. d4 cxd4 4. Nxd4 g6 5. Nc3 Bg7 6. Be3 Nf6 7. Bc4 d6 8.
Bb3 Qa5 9. f3 O-O 10. Qd2 Qc7 11. O-O-O Bd7 12. Bh6 Nxd4 13. Bxg7 Nxb3+ 14.
cxb3 Kxg7 15. e5 dxe5 16. Kb1 e6 17. Rc1 Qa5 18. Rhd1 Rac8 19. h4 Rfd8 20. g4
Bc6 21. Qe2 Rxd1 22. Rxd1 Rd8 23. g5 Rxd1+ 24. Qxd1 Nd5 25. Ne4 Ne3 26. Qe2
Bxe4+ 27. fxe4 Qc5 28. Qf2 Qd4 29. Qf6+ Kg8 30. Qf2 Qd1# 0-1

[Event "Printanier op U1600 Online"]
[Site "Montreal CAN"]
[Date "2021.04.18"]
[Round "4"]
[White "Mourad, Michel"]
[Black "Joseph, Jonath"]
[Result "0-1"]
[WhiteElo "1216"]
[BlackElo "1016"]
[PlyCount "108"]
[EventDate "2021.04.16"]
[EventType "swiss"]
[EventRounds "5"]
[EventCountry "CAN"]

1. d4 Nf6 2. c4 e5 3. d5 Bc5 4. a3 a6 5. b4 Ba7 6. Bg5 d6 7. Nc3 Bxf2+ 8. Kxf2
Ng4+ 9. Ke1 Qxg5 10. Nf3 Qf5 11. h3 Ne3 12. Qb1 Nc2+ 13. Kd2 Nxa1 14. Qxa1 e4
15. Nd4 Qf4+ 16. e3 Qf6 17. Nxe4 Qe5 18. Bd3 O-O 19. Qe1 Bf5 20. Nxf5 Qxf5 21.
Qh4 h6 22. g4 Qe5 23. g5 f5 24. gxf6 Nd7 25. fxg7 Qxg7 26. Qg4 Nf6 27. Qe6+ Kh8
28. Rh2 Rae8 29. Nxf6 Rxe6 30. dxe6 Qxf6 31. Re2 Qb2+ 32. Bc2 Qxa3 33. Bg6
Qxb4+ 34. Kd3 Qb1+ 35. Rc2 Rf2 36. Kc3 Rxc2+ 37. Bxc2 Qa1+ 38. Kd3 Qe5 39. c5
Qxe6 40. cxd6 Qxd6+ 41. Ke2 Qh2+ 42. Kd3 Qxh3 43. Ke2 Qg2+ 44. Kd3 h5 45. e4 h4
46. e5 h3 47. e6 Qg6+ 48. Kc3 Qxe6 49. Kb2 h2 50. Ka3 h1=Q 51. Bb3 Qa1+ 52. Kb4
a5+ 53. Kc5 Qae5+ 54. Bd5 Q6xd5# 0-1

[Event "Printanier op U1600 Online"]
[Site "Montreal CAN"]
[Date "2021.04.18"]
[Round "4"]
[White "Xu, David"]
[Black "Turgeon-Dalpe, Alexandre"]
[Result "1-0"]
[WhiteElo "1078"]
[BlackElo "1261"]
[PlyCount "67"]
[EventDate "2021.04.16"]
[EventType "swiss"]
[EventRounds "5"]
[EventCountry "CAN"]

1. e4 c5 2. Nf3 g6 3. d4 cxd4 4. Nxd4 Nc6 5. Bc4 Bg7 6. Be3 Nf6 7. Nc3 Qa5 8.
O-O e6 9. Re1 O-O 10. a3 Qc5 11. Bb3 d5 12. Nxe6 Qe7 13. Nxf8 Bxf8 14. exd5 Ne5
15. Bf4 Nfd7 16. Qd4 Bg7 17. d6 Qe8 18. Qd2 Qf8 19. Qd5 Nb6 20. Qc5 Nc6 21. Nd5
Nxd5 22. Bxd5 Bd7 23. Bxc6 Bxc6 24. Rad1 Bxb2 25. Be5 Bxe5 26. Rxe5 f6 27. Re6
Bd7 28. Re7 b6 29. Qc4+ Kh8 30. Rxd7 Rc8 31. Qf7 Qxf7 32. Rxf7 a5 33. d7 Rd8
34. Re7 1-0